[Event "Muensterland Regionalliga Gr2 2223"]
[Site "Germany"]
[Date "2022.09.24"]
[Round "2.5"]
[White "Eiersbrock, Marko"]
[Black "Beckmann, Klaus2"]
[Result "1-0"]
[WhiteElo "1802"]
[BlackElo "2060"]
[PlyCount "83"]
[EventDate "2022.09.03"]
[EventType "team-tourn"]
[EventRounds "5"]
[EventCountry "GER"]
[SourceTitle "EXT 2024"]
[Source "ChessBase"]
[SourceDate "2023.10.10"]
[SourceVersion "1"]
[SourceVersionDate "2023.10.10"]
[SourceQuality "1"]
[WhiteTeam "Duelmen"]
[BlackTeam "Raesfeld Erle"]
[WhiteTeamCountry "GER"]
[BlackTeamCountry "GER"]

1. d4 Nf6 2. Nf3 e6 3. g3 d5 4. Bg2 Be7 5. 0-0 0-0 6. b3 c5 7. c4 Nc6 8. Bb2 a6 9. Qc2 b6 10. Nbd2 Bb7 11. cxd5 exd5 12. Rac1 Rc8 13. Bh3 Rc7 14. e3 Bd6 15. Qb1 Re8 16. Rfd1 Qe7 17. dxc5 bxc5 18. Qf5 d4 19. exd4 Bc8 20. Qg5 Bxh3 21. dxc5 Be5 22. Re1 Nd7 23. Qh5 Qe6 24. Ng5 Qf5 25. Qxh3 Qxg5 26. f4 Bxf4 27. Rxe8+ Nf8 28. Nf3 Be3+ 29. Kg2 Qd5 30. Rxe3 Ne6 31. Qg4 Re7 32. Qc4 Qh5 33. Rce1 Qg6 34. Ne5 Nxe5 35. Bxe5 Nd8 36. Qd3 Qc6+ 37. Kg1 Rd7 38. Bd6 Ne6 39. Qe4 Qc8 40. Qd5 h6 41. b4 Rd8 42. Rxe6 1-0

[Event "Muensterland Regionalliga 1920"]
[Site "Germany"]
[Date "2020.02.22"]
[Round "7.8"]
[White "Eiersbrock, Marko"]
[Black "Baer, Klaus"]
[Result "1/2-1/2"]
[WhiteElo "1829"]
[BlackElo "1620"]
[PlyCount "57"]
[EventDate "2019.09.07"]
[EventType "team-tourn"]
[EventRounds "7"]
[EventCountry "GER"]
[SourceTitle "EXT 2023"]
[Source "ChessBase"]
[SourceDate "2022.10.05"]
[SourceVersion "1"]
[SourceVersionDate "2022.10.05"]
[SourceQuality "1"]
[WhiteTeam "Duelmen"]
[BlackTeam "Gronau"]
[WhiteTeamCountry "GER"]
[BlackTeamCountry "GER"]

1. d4 Nf6 2. Nf3 e6 3. Bg5 Be7 4. Nbd2 d5 5. e3 Nbd7 6. Bd3 0-0 7. 0-0 c5 8. c3 b6 9. Ne5 Bb7 10. Rc1 Rc8 11. Qa4 a6 12. Nxd7 Nxd7 13. Bxe7 Qxe7 14. e4 b5 15. Qa3 Rfe8 16. e5 c4 17. Qxe7 Rxe7 18. Bc2 Nb8 19. f4 g6 20. g4 Rce8 21. h4 Nc6 22. Rf2 b4 23. f5 gxf5 24. gxf5 exf5 25. Rxf5 Kg7 26. Rh5 h6 27. Kh2 Re6 28. Bf5 Rg6 29. Bd7 1/2-1/2

[Event "Muensterland Regionalliga 1617"]
[Site "Germany"]
[Date "2016.09.17"]
[Round "1.6"]
[White "Eiersbrock, Marko"]
[Black "Hunhoff, Andreas"]
[Result "1-0"]
[WhiteElo "1836"]
[BlackElo "1839"]
[PlyCount "93"]
[EventDate "2016.09.17"]
[EventType "team"]
[EventRounds "9"]
[EventCountry "GER"]
[SourceTitle "EXT 2018"]
[Source "ChessBase"]
[SourceDate "2017.10.13"]
[SourceVersion "1"]
[SourceVersionDate "2017.10.13"]
[SourceQuality "1"]
[WhiteTeam "Duelmen"]
[BlackTeam "Bocholt"]
[WhiteTeamCountry "GER"]
[BlackTeamCountry "GER"]

1. d4 f5 2. Nf3 Nf6 3. g3 e6 4. Bg2 Be7 5. c4 0-0 6. 0-0 d6 7. Ng5 h6 8. Bxb7 Bxb7 9. Nxe6 Qd7 10. Nxf8 Bxf8 11. d5 c6 12. Nc3 Kh8 13. Qd4 Qf7 14. Rd1 c5 15. Qd3 Ng4 16. b3 Nd7 17. f4 Qh5 18. h4 Be7 19. Kg2 Re8 20. Rb1 a6 21. Re1 Bf6 22. Nd1 Qg6 23. Rh1 Qh5 24. Re1 Bd8 25. e4 Ndf6 26. Nc3 Ba5 27. Bd2 Bxc3 28. Bxc3 Nxe4 29. b4 Ngf2 30. Qf3 Qxf3+ 31. Kxf3 Nd3 32. Re3 cxb4 33. Bxb4 Nxb4 34. Rxb4 Re7 35. Rb2 Rc7 36. g4 g6 37. h5 Bc8 38. hxg6 Rxc4 39. gxf5 Bxf5 40. Ra3 Nc5 41. Rb6 Be4+ 42. Kg4 Bxg6 43. Rxd6 h5+ 44. Kg5 Ne4+ 45. Kxg6 Nxd6 46. Rxa6 Nc8 47. Re6 1-0

[Event "Muensterland Regionalliga 1415"]
[Site "Germany"]
[Date "2015.02.21"]
[Round "6.8"]
[White "Behrend, Bastian"]
[Black "Eiersbrock, Marko"]
[Result "1/2-1/2"]
[WhiteElo "1566"]
[BlackElo "1818"]
[PlyCount "45"]
[EventDate "2014.09.20"]
[EventType "team-tourn"]
[EventRounds "9"]
[EventCountry "GER"]
[SourceTitle "EXT 2016"]
[Source "ChessBase"]
[SourceDate "2015.10.08"]
[SourceVersion "1"]
[SourceVersionDate "2015.10.08"]
[SourceQuality "1"]
[WhiteTeam "Olfen"]
[BlackTeam "Duelmen"]
[WhiteTeamCountry "GER"]
[BlackTeamCountry "GER"]

1. f4 d5 2. e3 c5 3. Nf3 Nc6 4. b3 Nf6 5. Bb2 Bg4 6. Bb5 e6 7. Bxc6+ bxc6 8. d3 Qb6 9. Qe2 Bd6 10. Nbd2 a5 11. a4 Rb8 12. 0-0 Qb4 13. h3 Bh5 14. g4 Bg6 15. Ne5 Qb7 16. Qg2 Qc7 17. h4 h5 18. g5 Nh7 19. Nxg6 fxg6 20. Nf3 Rb7 21. Ne5 Bxe5 22. Bxe5 Qe7 23. Qd2 1/2-1/2

[Event "Muensterland Regionalliga 1314"]
[Site "Germany"]
[Date "2014.01.18"]
[Round "5.7"]
[White "Eiersbrock, Marko"]
[Black "Langendijk, Andre"]
[Result "1-0"]
[WhiteElo "1807"]
[BlackElo "1879"]
[PlyCount "85"]
[EventDate "2013.09.07"]
[EventType "team-tourn"]
[EventRounds "9"]
[EventCountry "GER"]
[SourceTitle "EXT 2015"]
[Source "ChessBase"]
[SourceDate "2014.11.20"]
[SourceVersion "1"]
[SourceVersionDate "2014.11.20"]
[SourceQuality "1"]
[WhiteTeam "Duelmen"]
[BlackTeam "Gronau"]
[WhiteTeamCountry "GER"]
[BlackTeamCountry "GER"]

1. d4 Nf6 2. Nf3 c5 3. c3 e6 4. e3 Nc6 5. Bd3 d5 6. 0-0 Bd6 7. Nbd2 0-0 8. Re1 cxd4 9. exd4 Rb8 10. Ne5 Bd7 11. Ndf3 b5 12. Bg5 Be7 13. Re3 h6 14. Nxc6 Bxc6 15. Ne5 Be8 16. Bxh6 gxh6 17. Qd2 Ne4 18. Bxe4 dxe4 19. Rxe4 Bg5 20. f4 f5 21. Re2 Bf6 22. Rae1 Qd5 23. a3 Kh7 24. Nd3 Rb6 25. Nc5 Bf7 26. Qc2 Rg8 27. b3 Rg4 28. g3 h5 29. Qd3 h4 30. Rg2 h3 31. Rd2 Rg6 32. Qf1 Rh6 33. Qd3 Be8 34. c4 bxc4 35. bxc4 Qa8 36. Nxe6 Bg6 37. c5 Rb8 38. Ng5+ Kg7 39. Ne6+ Kh8 40. d5 Rb2 41. Rxb2 Bxb2 42. c6 Kg8 43. Qb3 1-0

[Event "Muensterland Regionalliga 1314"]
[Site "Germany"]
[Date "2013.11.16"]
[Round "3.7"]
[White "Fuellborn, Dietrich"]
[Black "Eiersbrock, Marko"]
[Result "0-1"]
[WhiteElo "1818"]
[BlackElo "1807"]
[PlyCount "80"]
[EventDate "2013.09.07"]
[EventType "team-tourn"]
[EventRounds "9"]
[EventCountry "GER"]
[SourceTitle "EXT 2015"]
[Source "ChessBase"]
[SourceDate "2014.11.20"]
[SourceVersion "1"]
[SourceVersionDate "2014.11.20"]
[SourceQuality "1"]
[WhiteTeam "Sendenhorst"]
[BlackTeam "Duelmen"]
[WhiteTeamCountry "GER"]
[BlackTeamCountry "GER"]

1. d4 Nf6 2. c4 g6 3. Nc3 Bg7 4. Nf3 d6 5. e4 Bg4 6. Be2 c6 7. h3 Bxf3 8. Bxf3 0-0 9. 0-0 Nbd7 10. Be3 a6 11. Qd2 Rb8 12. a4 Qc7 13. Rfc1 e5 14. Be2 exd4 15. Bxd4 Nc5 16. Qc2 Rfe8 17. Bf3 a5 18. Re1 Ne6 19. Be3 Nd7 20. Rad1 Ne5 21. Be2 Rbd8 22. Qb3 Nc5 23. Qa3 Ned7 24. Bf3 b6 25. Bg5 Nf6 26. Bf4 Bf8 27. b4 Ne6 28. Be3 d5 29. exd5 axb4 30. Qb2 bxc3 31. Qxc3 cxd5 32. Qxf6 Bg7 33. Qh4 dxc4 34. Rc1 c3 35. Qb4 Nd4 36. Be2 Qc5 37. Qb1 c2 38. Qa2 Nxe2+ 39. Rxe2 Rd1+ 40. Re1 Rxe3 0-1

[Event "Muensterland Verbandsliga 1213"]
[Site "Germany"]
[Date "2013.01.12"]
[Round "5.6"]
[White "Kornick, Ulrich"]
[Black "Eiersbrock, Marko"]
[Result "1-0"]
[WhiteElo "1883"]
[BlackElo "1827"]
[PlyCount "107"]
[EventDate "2012.09.22"]
[EventType "team-tourn"]
[EventRounds "9"]
[EventCountry "GER"]
[SourceTitle "EXT 2015"]
[Source "ChessBase"]
[SourceDate "2014.11.20"]
[SourceVersion "1"]
[SourceVersionDate "2014.11.20"]
[SourceQuality "1"]
[WhiteTeam "Rheine Klein Berlin"]
[BlackTeam "Duelmen"]
[WhiteTeamCountry "GER"]
[BlackTeamCountry "GER"]

1. d4 d5 2. Nf3 Nf6 3. c4 c6 4. Nc3 Bg4 5. cxd5 cxd5 6. Qb3 Qb6 7. Qxb6 axb6 8. Ne5 Bd7 9. e3 e6 10. Bd2 Be7 11. Nxd7 Kxd7 12. Bb5+ Nc6 13. Na4 Kc7 14. 0-0 Ne4 15. Rfd1 Nxd2 16. Rxd2 Ra5 17. Nc3 Bb4 18. Bf1 Rha8 19. Rc2 Bxc3 20. bxc3 Ra3 21. f3 f5 22. Kf2 Kd6 23. Ke2 Na5 24. Kd1 Rc8 25. Rb1 Rc6 26. Kd2 Nc4+ 27. Bxc4 dxc4 28. Rb5 Ra5 29. Rcb2 Kc7 30. Kc2 Rd6 31. R5b4 Rc6 32. a4 g5 33. Kb1 h5 34. e4 f4 35. Rb5 h4 36. h3 Rd6 37. R2b4 e5 38. Rxc4+ Kd7 39. Rcb4 Rxb5 40. axb5 Ke6 41. Ra4 Rd8 42. Ra7 exd4 43. Rxb7 dxc3 44. Rxb6+ Ke7 45. Kc2 Rd2+ 46. Kxc3 Rxg2 47. Kd4 g4 48. hxg4 Rg3 49. Rh6 h3 50. b6 Rxf3 51. b7 Rb3 52. Ke5 f3 53. Rxh3 f2 54. Rxb3 1-0

[Event "Muensterland Verbandsklasse-B 1112"]
[Site "Germany"]
[Date "2012.05.12"]
[Round "9.6"]
[White "Hagemann, Lars"]
[Black "Eiersbrock, Marko"]
[Result "0-1"]
[WhiteElo "1687"]
[BlackElo "1820"]
[PlyCount "54"]
[EventDate "2011.09.17"]
[EventType "team-tourn"]
[EventRounds "9"]
[EventCountry "GER"]
[SourceTitle "EXT 2013"]
[Source "ChessBase"]
[SourceDate "2012.11.22"]
[SourceVersion "1"]
[SourceVersionDate "2012.11.22"]
[SourceQuality "1"]
[WhiteTeam "Nienberge II"]
[BlackTeam "Duelmen"]
[WhiteTeamCountry "GER"]
[BlackTeamCountry "GER"]

1. e4 c5 2. Nf3 Nc6 3. d4 cxd4 4. Nxd4 g6 5. Be3 Bg7 6. Nc3 d6 7. Qd2 Nf6 8. f3 0-0 9. Nb3 a6 10. Bh6 b5 11. Bxg7 Kxg7 12. h4 Nh5 13. Ne2 Ne5 14. Qd4 Kg8 15. 0-0-0 Be6 16. Qf2 Rc8 17. Kb1 f5 18. Ned4 Qb6 19. Qd2 Bc4 20. Bd3 f4 21. Qa5 Qb7 22. Qd2 Ng3 23. Na5 Qb6 24. Nab3 Nxh1 25. Rxh1 Bxb3 26. axb3 Qxd4 27. Bc4+ Rxc4 0-1

[Event "Muensterland Verbandsklasse-B 1112"]
[Site "Germany"]
[Date "2012.02.11"]
[Round "6.6"]
[White "Eiersbrock, Marko"]
[Black "Holtmannspoetter, Michael"]
[Result "1-0"]
[WhiteElo "1820"]
[BlackElo "1603"]
[PlyCount "89"]
[EventDate "2011.09.17"]
[EventType "team-tourn"]
[EventRounds "9"]
[EventCountry "GER"]
[SourceTitle "EXT 2013"]
[Source "ChessBase"]
[SourceDate "2012.11.22"]
[SourceVersion "1"]
[SourceVersionDate "2012.11.22"]
[SourceQuality "1"]
[WhiteTeam "Duelmen"]
[BlackTeam "Reckenfeld"]
[WhiteTeamCountry "GER"]
[BlackTeamCountry "GER"]

1. d4 d5 2. c3 c6 3. g3 g6 4. Bg2 Bg7 5. e4 dxe4 6. Bxe4 Nf6 7. Bg2 0-0 8. Nf3 Re8 9. 0-0 b6 10. Ne5 Bb7 11. Qb3 e6 12. a4 a5 13. Nd2 Nfd7 14. Nec4 Ba6 15. Re1 Bxc4 16. Nxc4 Bf8 17. Bf4 Ra6 18. Rad1 g5 19. Bxb8 Nxb8 20. Ne5 Qd6 21. Qc4 Rc8 22. d5 Qc5 23. Qg4 Qe7 24. d6 Qf6 25. Qc4 Ra7 26. d7 Rd8 27. Bxc6 Rc7 28. Qb5 Bc5 29. Ng4 Qg7 30. b4 Bxf2+ 31. Nxf2 Rxc6 32. Re3 axb4 33. cxb4 f5 34. Red3 Qe7 35. a5 bxa5 36. bxa5 Qc5 37. Qa4 Kf7 38. Rb3 Ke7 39. Rb5 Qc3 40. Rxb8 Rxb8 41. a6 Qf3 42. Qb4+ Rxb4 43. d8Q+ Kf7 44. Rd7+ Kg6 45. Qg8+ 1-0

[Event "Muensterland Verbandsklasse-B 0809"]
[Site "Germany"]
[Date "2009.03.28"]
[Round "8.2"]
[White "Storck, Martin"]
[Black "Eiersbrock, Marko"]
[Result "1-0"]
[WhiteElo "2010"]
[BlackElo "1758"]
[PlyCount "113"]
[EventDate "2008.09.13"]
[EventType "tourn"]
[EventRounds "9"]
[EventCountry "GER"]
[SourceTitle "EXT 2010"]
[Source "ChessBase"]
[SourceDate "2010.11.25"]
[SourceVersion "1"]
[SourceVersionDate "2010.11.25"]
[SourceQuality "1"]
[WhiteTeam "Gronau"]
[BlackTeam "Buldern"]
[WhiteTeamCountry "GER"]
[BlackTeamCountry "GER"]

1. c4 Nf6 2. Nc3 g6 3. d4 Bg7 4. e4 d6 5. f4 Nfd7 6. Nf3 c5 7. d5 0-0 8. Bd3 a6 9. a4 a5 10. Qe2 Na6 11. 0-0 Nb6 12. e5 Nb4 13. Bb1 e6 14. dxe6 Bxe6 15. b3 d5 16. Rd1 Qc8 17. cxd5 N6xd5 18. Nb5 Rd8 19. Be4 Rd7 20. Bd2 b6 21. Rac1 Rb8 22. Ng5 Qd8 23. Nxe6 fxe6 24. Qg4 Qe7 25. Bxb4 axb4 26. Rd3 Rbd8 27. Rcd1 Ne3 28. Rxd7 Rxd7 29. Rxd7 Qxd7 30. Qe2 Qd1+ 31. Qxd1 Nxd1 32. Bd3 Kf7 33. Nd6+ Ke7 34. Nc8+ Kd8 35. Nxb6 Nb2 36. Be2 g5 37. fxg5 Bxe5 38. Kf2 Bc7 39. Nc4 Nxc4 40. Bxc4 Ke7 41. Kf3 Kf7 42. h4 Bd8 43. Ke4 Bc7 44. g4 Bd8 45. h5 Bxg5 46. Ke5 Bd8 47. Bxe6+ Ke7 48. g5 Bc7+ 49. Kd5 c4 50. bxc4 b3 51. Bf5 Bf4 52. a5 Kd8 53. Kc6 b2 54. a6 b1Q 55. Bxb1 Kc8 56. a7 Bxg5 57. a8Q# 1-0

[Event "Muensterland Verbandsklasse-B 0809"]
[Site "Germany"]
[Date "2008.09.13"]
[Round "1.2"]
[White "Meyer, Ulrich"]
[Black "Eiersbrock, Marko"]
[Result "1/2-1/2"]
[WhiteElo "1933"]
[BlackElo "1758"]
[PlyCount "179"]
[EventDate "2008.09.13"]
[EventType "tourn"]
[EventRounds "9"]
[EventCountry "GER"]
[SourceTitle "EXT 2010"]
[Source "ChessBase"]
[SourceDate "2010.11.25"]
[SourceVersion "1"]
[SourceVersionDate "2010.11.25"]
[SourceQuality "1"]
[WhiteTeam "Muenster Indische Dame"]
[BlackTeam "Buldern"]
[WhiteTeamCountry "GER"]
[BlackTeamCountry "GER"]

1. d4 d5 2. Nf3 Nf6 3. Bf4 c5 4. c3 Nc6 5. dxc5 e6 6. b4 a5 7. Qb3 axb4 8. cxb4 Ne4 9. Bc1 b6 10. e3 bxc5 11. Bb5 Bd7 12. Bxc6 Bxc6 13. b5 Qa5+ 14. Bd2 Nxd2 15. Nfxd2 Qxb5 16. Qxb5 Bxb5 17. Nc3 Bd3 18. Nf3 c4 19. a4 Bb4 20. Kd2 Be4 21. Ne1 Rd8 22. f3 d4 23. exd4 Rxd4+ 24. Ke3 Bxc3 25. Rc1 Bb2 26. fxe4 e5 27. Rc2 c3 28. Nd3 0-0 29. a5 f6 30. Rb1 Rb8 31. Nxb2 Rb3 32. a6 cxb2+ 33. Kf2 Ra4 34. Rcxb2 Rxb2+ 35. Rxb2 Rxa6 36. Rb7 g6 37. h4 f5 38. h5 Ra4 39. h6 Rxe4 40. g3 g5 41. Rg7+ Kh8 42. Rxg5 f4 43. g4 Re3 44. Rf5 Kg8 45. g5 Re4 46. Kf3 Re3+ 47. Kg2 Rg3+ 48. Kf2 Re3 49. Rf6 Rg3 50. Rf5 Re3 51. Kg2 Rg3+ 52. Kf2 Re3 53. Kg2 Re4 54. Kf3 Re3+ 55. Kg4 Rg3+ 56. Kh4 Re3 57. Rf6 Rg3 58. Re6 Re3 59. Kg4 Kf7 60. Kf5 f3 61. Rf6+ Ke7 62. Kg4 Rb3 63. Kg3 e4 64. Rf4 Rb4 65. g6 hxg6 66. Rh4 f2 67. Rh1 e3 68. Kf3 g5 69. Kxe3 Rh4 70. Rf1 Rxh6 71. Rxf2 Re6+ 72. Kf3 Rf6+ 73. Kg3 Rxf2 74. Kxf2 Kf6 75. Kg3 Kg7 76. Kg4 Kg6 77. Kg3 Kf5 78. Kf3 g4+ 79. Kg2 Kg5 80. Kg3 Kh5 81. Kg2 Kh4 82. Kh2 g3+ 83. Kg2 Kg4 84. Kg1 Kh3 85. Kh1 Kh4 86. Kg2 Kg4 87. Kg1 Kh3 88. Kh1 g2+ 89. Kg1 Kg4 90. Kxg2 1/2-1/2

[Event "Muensterland Verbandsklasse-A 0708"]
[Site "Germany"]
[Date "2007.10.20"]
[Round "2.4"]
[White "Eiersbrock, Marko"]
[Black "Schwietering, Ralf"]
[Result "1-0"]
[WhiteElo "1728"]
[BlackElo "1790"]
[PlyCount "83"]
[EventDate "2007.09.22"]
[EventType "team-tourn"]
[EventRounds "9"]
[EventCountry "GER"]
[SourceTitle "EXT 2009"]
[Source "ChessBase"]
[SourceDate "2008.11.26"]
[SourceVersion "1"]
[SourceVersionDate "2008.11.26"]
[SourceQuality "1"]
[WhiteTeam "Buldern"]
[BlackTeam "Ochtrup"]
[WhiteTeamCountry "GER"]
[BlackTeamCountry "GER"]

1. d4 d5 2. e3 Bf5 3. c4 e6 4. Qb3 b6 5. Nc3 Nf6 6. Nf3 Bd6 7. Bd2 dxc4 8. Bxc4 0-0 9. 0-0 Nc6 10. Bb5 Ne7 11. Rfe1 Ne4 12. Nxe4 Bxe4 13. Bd3 Bxd3 14. Qxd3 c5 15. Rad1 Nc6 16. Bc3 Qc7 17. d5 exd5 18. Qxd5 Rad8 19. Qh5 Rd7 20. Ng5 h6 21. Ne4 Rfd8 22. f4 Be7 23. Qg4 g6 24. Rxd7 Qxd7 25. Qf3 Qe6 26. g4 f5 27. gxf5 Qxf5 28. Ng3 Qd5 29. Qg4 Kh7 30. f5 Qf7 31. Qe4 Rd6 32. Rf1 Kg8 33. f6 Bf8 34. Rf2 b5 35. b3 b4 36. Bb2 Kh7 37. h4 Re6 38. Qd5 Kg8 39. Ne4 a6 40. Rg2 Kh7 41. h5 g5 42. Rxg5 1-0

[Event "Muensterland Verbandsklasse-B 0607"]
[Site "Germany"]
[Date "2007.04.21"]
[Round "8.5"]
[White "Fuellborn, Dietrich"]
[Black "Eiersbrock, Marko"]
[Result "1-0"]
[WhiteElo "1799"]
[BlackElo "1769"]
[PlyCount "71"]
[EventDate "2006.09.23"]
[EventType "team-tourn"]
[EventRounds "9"]
[EventCountry "GER"]
[SourceTitle "EXT 2008"]
[Source "ChessBase"]
[SourceDate "2007.11.25"]
[SourceVersion "1"]
[SourceVersionDate "2007.11.25"]
[SourceQuality "1"]
[WhiteTeam "Ochtrup"]
[BlackTeam "Buldern"]
[WhiteTeamCountry "GER"]
[BlackTeamCountry "GER"]

1. d4 d5 2. c4 Nf6 3. Nc3 e6 4. e3 c6 5. Nf3 Bd6 6. Bd3 Nbd7 7. 0-0 0-0 8. Qc2 e5 9. cxd5 cxd5 10. e4 exd4 11. Nxd4 Be5 12. Nf3 Bxc3 13. bxc3 dxe4 14. Bxe4 Nxe4 15. Qxe4 Nf6 16. Qh4 h6 17. Rb1 b6 18. Qg3 Qd3 19. Bxh6 Qh7 20. Be3 Ba6 21. Rfe1 Ne4 22. Qc7 Rfc8 23. Qe7 Nxc3 24. Rb2 Nd5 25. Qa3 Bb7 26. Bd4 Nf4 27. Rd2 Qg6 28. Nh4 Qh6 29. Qg3 Nh5 30. Qe5 Qxd2 31. Nf5 Re8 32. Ne7+ Kf8 33. Bc3 Qd7 34. Qxh5 f6 35. Bxf6 Rxe7 36. Qh8+ 1-0

[Event "NRW-Ferienturnier U16"]
[Site "Wewelsburg"]
[Date "2001.08.18"]
[Round "7"]
[White "Eiersbrock, Marko"]
[Black "Drastig, Andreas"]
[Result "1-0"]
[WhiteElo "1576"]
[BlackElo "1023"]
[PlyCount "45"]
[EventDate "2001.08.??"]
[EventType "swiss"]
[EventRounds "7"]
[EventCountry "GER"]
[SourceTitle "EXT 2003"]
[Source "ChessBase"]
[SourceDate "2002.11.25"]
[SourceVersion "1"]
[SourceVersionDate "2002.11.25"]
[SourceQuality "1"]

1. d4 d5 2. Nf3 Nc6 3. e3 Bf5 4. c4 e6 5. Nc3 Nf6 6. Be2 dxc4 7. Bxc4 Bb4 8. 0-0 Ne4 9. Nxe4 Bxe4 10. a3 Ba5 11. b4 Bb6 12. Nd2 Bf5 13. Qf3 Rb8 14. Bb5 Qd6 15. e4 Bxd4 16. Nc4 Qd7 17. Rd1 0-0 18. exf5 exf5 19. Bxc6 bxc6 20. Be3 Qd5 21. Rxd4 Qxf3 22. gxf3 Rfd8 23. Rad1 1-0

[Event "NRW-Ferienturnier U16"]
[Site "Wewelsburg"]
[Date "2001.08.13"]
[Round "3"]
[White "Brenig, Julian"]
[Black "Eiersbrock, Marko"]
[Result "1/2-1/2"]
[WhiteElo "1518"]
[BlackElo "1576"]
[PlyCount "73"]
[EventDate "2001.08.??"]
[EventType "swiss"]
[EventRounds "7"]
[EventCountry "GER"]
[SourceTitle "EXT 2003"]
[Source "ChessBase"]
[SourceDate "2002.11.25"]
[SourceVersion "1"]
[SourceVersionDate "2002.11.25"]
[SourceQuality "1"]

1. d4 Nf6 2. c4 g6 3. Nc3 Bg7 4. e4 d6 5. f4 c5 6. dxc5 0-0 7. Nf3 dxc5 8. Be3 Qa5 9. Bd2 Nc6 10. e5 Ne8 11. Ne4 Qb6 12. Qc2 Bf5 13. Bd3 Nb4 14. Bxb4 Qxb4+ 15. Nfd2 Rd8 16. 0-0-0 f6 17. exf6 Nxf6 18. Nxf6+ Bxf6 19. Bxf5 gxf5 20. Nf3 h6 21. Rhe1 b5 22. cxb5 Qxf4+ 23. Kb1 Qb4 24. Ne5 Rxd1+ 25. Qxd1 Qxb5 26. Qd5+ Kg7 27. Nd3 e6 28. Qf3 c4 29. Qg3+ Kh8 30. Ne5 Kh7 31. Qg6+ Kh8 32. Qxh6+ Kg8 33. Qg6+ Bg7 34. Qxe6+ Kh7 35. Qxc4 Qb8 36. Qh4+ Kg8 37. Qc4+ 1/2-1/2